000 00472nam a2200169 i 4500
001 bg
100 1 _aBARTOSIŃSKI, Eugeniusz.
245 0 0 _aZadania z elektroniki przemysłowej.
_nT.2 /
_cEugeniusz Bartosiński, Jerzy Wieland, Wojciech Wolczyński.
260 _aWarszawa,
_c1979.
700 1 _aWIELAND, Jerzy.
700 1 _aWOLCZYŃSKI, Wojciech.
040 _cBPK
041 _apol
080 _a621.38
942 _cKS
008 s pl f |000 0 pol
999 _c18989
_d18989
856 _uhttp://koha.tu.koszalin.pl/cgi-bin/koha/opac-detail.pl?biblionumber=18989
_yKatalog online BPK